000
00326nam a2200145Ia 4500
008
230718s9999 xx 000 0 und d
041
_a
Eng.
082
_a
366.2
_b
BON-T
100
_a
Bones, Chris
245
4
_a
The Self-Reliant
260
_a
Pakistan
_b
New York Press
_c
1894
300
_a
129
650
_a
Law
999
_c
26140
_d
26140